00817cam a22001931 4500001001300000003000400013005001700017008004100034010001700075035001900092040002200111042001200133050004300145110006600188245020000254260004800454300002300502500009800525l 40000163 DLC20260227111537.0800913s1940 dcu f000 0 eng  al 40000163  a(OCoLC)6706425 aDLCcViAlUNJdDLC apremarc00aLAW 1 aUnited States.bDepartment of Labor.bWage and Hour Division.10a"Executive, administrative, professional ... outside salesman" redefined;beffective October 24, 1940.cReport and recommendations of the presiding officer at hearings preliinary to redefinition. aWashington,bU.S. Govt. Print. Off.,c1940. aiii, 60 p.c23 cm. aAt head of title: United States Department of Labor. Wage and Hour Division. Washington, D.C.